| 000 | 00665cam a2200229 4500 | ||
|---|---|---|---|
| 001 | J11666 | ||
| 008 | 000000n2002 000 0 eng u | ||
| 035 | _a(Sirsi) u119010 | ||
| 041 | _aeng | ||
| 050 | _a333.332 | ||
| 110 |
_aRoyal Institution of Chartered Surveyors _94900 |
||
| 245 | _aRICS Appraisal and valuation manual - Amendment 15 (1 June 2002) | ||
| 260 |
_aLondon _bRICS _c2002 |
||
| 300 | _aca.30p. ; 30cm. | ||
| 350 | _a0 | ||
| 650 | _aAMENDMENT 15 | ||
| 650 | _aAPPRAISAL AND VALUATION MANUAL | ||
| 650 | _aRICS APPRAISAL AND VALUATION MANUAL | ||
| 650 | _aWHITE BOOK | ||
| 690 | _aPROPERTY-PROPERTY APPRAISAL AND VALUATION | ||
| 942 | _n0 | ||
| 999 |
_c102232 _d102232 |
||